आपले देव आपली दैवते - 4 (Record no. 454560)

MARC details
000 -LEADER
fixed length control field 00522nam a2200145Ia 4500
008 - FIXED-LENGTH DATA ELEMENTS--GENERAL INFORMATION
fixed length control field 100204s9999 xx 000 0 und d
082 ## - DEWEY DECIMAL CLASSIFICATION NUMBER
Item number 10124
100 ## - MAIN ENTRY--PERSONAL NAME
Personal name देवळे शं. रा.
245 ## - TITLE STATEMENT
Title आपले देव आपली दैवते - 4
260 ## - PUBLICATION, DISTRIBUTION, ETC. (IMPRINT)
Name of publisher, distributor, etc "शकुन प्रकाशन , पुणे 30"
Date of publication, distribution, etc 1987
300 ## - PHYSICAL DESCRIPTION
Extent 111
630 ## - SUBJECT ADDED ENTRY--UNIFORM TITLE
Uniform title आपले देव आपली दैवते - 4
730 ## - ADDED ENTRY--UNIFORM TITLE
Uniform title आपले देव आपली दैवते - 4
942 ## - ADDED ENTRY ELEMENTS (KOHA)
Koha item type Book
Holdings
Withdrawn status Lost status Damaged status Not for loan Home library Current library Date acquired Cost, normal purchase price Total Checkouts Full call number Barcode Date last seen Cost, replacement price Price effective from Koha item type
        N. C. Kelkar Sarvajanik Library, Mulund N. C. Kelkar Sarvajanik Library, Mulund 02/04/2010 15.00   10124 NCKMULUND-10124 02/04/2010 15.00 02/04/2010 Book